00547 2200169 4500245004700000020002200047250001100069100002000080700002600100650002100126005001900147260007600166041001400242084001000256300010200266336000900368 aGena dan Dunia GerocLaksmi ManoharahText a978-623-118-659-1 aCet. 1 aLaksmi Manohara aAyesha Sophie Sayyida aCerita Bergambar a20240902093305 aJakartabKementerian Pendidikan, Kebudayaan, Riset, dan Teknologic2023 aIndonesia a741.5 aIBM Plex Sans 11/16 pt, Mike Abbink, Bold Monday, Open Font License vi, 146 hlm., 14.8 x 21 cm. : atext